Kódy letišť #1 - Statistics

General Stats
  • This quiz has been taken 65 times
  • The average score is 15 of 32
Answer Stats
Kód Město % Correct
AMS Amsterdam
92%
SYD Sydney
90%
MAD Madrid
88%
JFK New York City
86%
DUB Dublin
82%
SEA Seattle
76%
LAX Los Angeles
73%
PEK Peking
73%
LHR Londýn
69%
MAN Manchester
67%
CDG Paříž
67%
SFO San Francisco
57%
BOM Bombaj
51%
FCO Řím
51%
MNL Manila
47%
NRT Tokio
41%
CAI Káhira
39%
CPH Kodaň
39%
PER Perth
39%
BKK Bangkok
31%
HNL Honolulu
31%
YYZ Toronto
31%
CUN Cancun
24%
AKL Auckland
22%
ORD Chicago
22%
CPT Kapské Město
22%
NBO Nairobi
18%
YVR Vancouver
18%
GIG Rio de Janeiro
16%
BHX Birmingham
10%
SGN Ho Či Minovo město
8%
FLL Fort Lauderdale
4%
No matching quizzes found
Score Distribution
Percent of People with Each Score
Percentile by Number Answered
Your Score History
You have not taken this quiz